01776 2200313 4500001002100000005001500021035002000036008004100056020001800097041000800115082001200123084001600135100006800151245012500219250001200344260003300356300003600389500002300425520072100448650005101169650003501220700005701255990002501312990002501337990002501362990002501387990002501412990002501437INLIS00000000000464420221114032039 a0010-0520004644221114 | | eng  a0-415-95748-6 aeng a973.928 a973.928 LAU0 aLaughing Matters : Humor and American Politics in the Media Age1 aLaughing Matters :bHumor and American Politics in the Media Age /cEdited by Jody C. Baumgartner and Jonathan S. Morris a5th Ed. aNew York :bRoutledge,c2008 axxi, 362 p. :billus. ;c23 cm. aIndeks : p.355-362 aA recent Pew study found that a growing percentage of young people claim to gain their knowledge of current political news from sources like the political sketches of Saturday Night Live, the scathing expose of Bowling for Columbine, the political satire of South Park and the Simpsons, and the sardonic mockery of the Daily Show, The Colbert Report, or the Onion. How does political humor influence politics? This book presents original research - both quantitative and qualitative - to explore the various forms political humor takes in the modern media as well as the various ways in which political humor influences politics. In the end one thing will be clear: in American politics, laughing does indeed matter. 4aUnited States - Politics and government - 1989 4aPublic Opinion - United States0 aEdited by Jody C. Baumgartner and Jonathan S. Morris a10528/MKRI-P/XI-2008 a10529/MKRI-P/XI-2008 a10528/MKRI-P/XI-2008 a10529/MKRI-P/XI-2008 a10529/MKRI-P/XI-2008 a10528/MKRI-P/XI-2008